|
|
|
|
| LEADER |
00000cam a22000004a 4500 |
| 001 |
musev2_9571 |
| 003 |
MdBmJHUP |
| 005 |
20230905041108.0 |
| 006 |
m o d |
| 007 |
cr||||||||nn|n |
| 008 |
100726s2011 pau o 00 0 eng d |
| 010 |
|
|
|z 2010030474
|
| 020 |
|
|
|a 9781439900055
|
| 020 |
|
|
|z 9781439900048
|
| 020 |
|
|
|z 9781439900031
|
| 035 |
|
|
|a (OCoLC)705538174
|
| 040 |
|
|
|a MdBmJHUP
|c MdBmJHUP
|
| 043 |
|
|
|a s-bl---
|
| 050 |
0 |
4 |
|a HN290.R5
|b A48 2011
|
| 082 |
0 |
|
|a 303.6/2086942098153
|2 22
|
| 100 |
1 |
|
|a Alves, Maria Helena Moreira,
|d 1944-
|
| 245 |
1 |
0 |
|a Living in the Crossfire :
|b Favela Residents, Drug Dealers, and Police Violence in Rio de Janeiro /
|c Maria Helena Moreira Alves and Philip Evanson ; with the assistance of Cristina Pedroza de Faria (Kita Pedroza) and Jose Valentin Palacios Vilches.
|
| 264 |
|
1 |
|a Philadelphia, Pa. :
|b Temple University Press,
|c 2011.
|
| 264 |
|
3 |
|a Baltimore, Md. :
|b Project MUSE,
|c 2012
|
| 264 |
|
4 |
|c ©2011.
|
| 300 |
|
|
|a 1 online resource (272 pages):
|b ill. ;
|
| 336 |
|
|
|a text
|b txt
|2 rdacontent
|
| 337 |
|
|
|a computer
|b c
|2 rdamedia
|
| 338 |
|
|
|a online resource
|b cr
|2 rdacarrier
|
| 490 |
0 |
|
|a Voices of Latin American life
|
| 504 |
|
|
|a Includes bibliographical references and index.
|
| 505 |
0 |
|
|a Introduction -- Part I: Rio de Janeiro : the marvelous city and its communities. The decline of poverty and the rise of violence -- Living in the Favelas in the twenty first century -- Communities under fire -- Voices of hope and renewal -- Voices of community leaders -- Voices of public security officials. Security for whom? -- Voices of police officers -- Voices of government officials.
|
| 588 |
|
|
|a Description based on print version record.
|
| 650 |
|
0 |
|a Slums
|z Brazil
|z Rio de Janeiro.
|
| 650 |
|
0 |
|a Squatter settlements
|z Brazil
|z Rio de Janeiro.
|
| 650 |
|
0 |
|a Drug traffic
|z Brazil
|z Rio de Janeiro.
|
| 650 |
|
0 |
|a Violence
|z Brazil
|z Rio de Janeiro.
|
| 655 |
|
7 |
|a Electronic books.
|2 local
|
| 700 |
1 |
|
|a Evanson, Philip.
|
| 710 |
2 |
|
|a Project Muse.
|e distributor
|
| 830 |
|
0 |
|a Voices of Latin American life.
|
| 830 |
|
0 |
|a Book collections on Project MUSE.
|
| 856 |
4 |
0 |
|z Texto completo
|u https://projectmuse.uam.elogim.com/book/9571/
|
| 945 |
|
|
|a Project MUSE - Custom Collection
|
| 945 |
|
|
|a Project MUSE - 2011 Complete
|
| 945 |
|
|
|a Project MUSE - 2011 Latin American and Caribbean Studies
|
| 945 |
|
|
|a Project MUSE - 2011 Global Cultural Studies
|